000 00721cam a2200181 4500
001 WB3707-18
008 000000n2001 000 0 eng u
035 _a(Sirsi) u110874
245 _aFife offers new-build protection
260 _c2001
490 _aScotsman
_v 9 February 2001, 2(2)
520 _aDescribes how Fife Council are seeking to help buyers of new houses by lobbying the Office of Fair Trading to make house buying fairer for the purchaser. The council has produced an information pack for prospective buyers of new-build homes.
590 _aWB
650 _aNEW BUILD
650 _aPROPERTY-RESIDENTIAL PROPERTY-ACQUISITION AND DISPOSAL OF RESIDENTIAL PROPERTY
690 _aHOUSING
942 _n0
999 _c66094
_d66094